Revolution! : (Record no. 2583)
[ view plain ]
| 000 -LEADER | |
|---|---|
| fixed length control field | 01086cam a2200349 a 4500 |
| 001 - CONTROL NUMBER | |
| control field | 131610 |
| 003 - CONTROL NUMBER IDENTIFIER | |
| control field | GBCCL |
| 005 - DATE AND TIME OF LATEST TRANSACTION | |
| control field | 20241126110432.0 |
| 008 - FIXED-LENGTH DATA ELEMENTS--GENERAL INFORMATION | |
| fixed length control field | 000503s2000 cau b 000 0 eng |
| 010 ## - | |
| -- | 00034157 |
| 020 ## - INTERNATIONAL STANDARD BOOK NUMBER | |
| International Standard Book Number | 0830726403 (trade paper) |
| 020 ## - INTERNATIONAL STANDARD BOOK NUMBER | |
| International Standard Book Number | 9780830726400 (trade paper) |
| 029 1# - | |
| -- | AU@ |
| -- | 000021502242 |
| 035 ## - SYSTEM CONTROL NUMBER | |
| System control number | (OCoLC)ocm44019549 |
| 035 ## - SYSTEM CONTROL NUMBER | |
| System control number | (OCoLC)44019549 |
| 040 ## - CATALOGING SOURCE | |
| Original cataloging agency | DLC |
| Transcribing agency | DLC |
| Modifying agency | BAKER |
| -- | BTCTA |
| -- | YDXCP |
| -- | OCLCG |
| -- | LBB |
| 042 ## - | |
| -- | pcc |
| 043 ## - | |
| -- | n-us--- |
| 049 ## - | |
| -- | LBBK |
| -- | LBBC |
| 050 00 - | |
| -- | BV3793 |
| -- | .B695 2000 |
| 082 00 - DEWEY DECIMAL CLASSIFICATION NUMBER | |
| Classification number | 269.2 |
| Edition information | 21 |
| Item number | BRO |
| 090 ## - LOCALLY ASSIGNED LC-TYPE CALL NUMBER (OCLC); LOCAL CALL NUMBER (RLIN) | |
| Classification number (OCLC) (R) ; Classification number, CALL (RLIN) (NR) | BV3793 |
| Local cutter number (OCLC) ; Book number/undivided call number, CALL (RLIN) | .B695 2000 |
| 100 1# - MAIN ENTRY--PERSONAL NAME | |
| Personal name | Brown, Michael L., |
| Dates associated with a name | 1955- |
| 9 (RLIN) | 5419 |
| 245 10 - TITLE STATEMENT | |
| Title | Revolution! : |
| Remainder of title | the call to holy war / |
| Statement of responsibility, etc. | Michael L. Brown. |
| 260 ## - PUBLICATION, DISTRIBUTION, ETC. | |
| Place of publication, distribution, etc. | Ventura, Calif. : |
| Name of publisher, distributor, etc. | Renew, |
| Date of publication, distribution, etc. | c2000. |
| 300 ## - PHYSICAL DESCRIPTION | |
| Extent | 339 p. ; |
| Dimensions | 21 cm. |
| 504 ## - BIBLIOGRAPHY, ETC. NOTE | |
| Bibliography, etc. note | Includes bibliographical references (p. [309]-339). |
| 650 #0 - SUBJECT ADDED ENTRY--TOPICAL TERM | |
| Topical term or geographic name entry element | Evangelistic work |
| Geographic subdivision | United States. |
| 9 (RLIN) | 3471 |
| 650 #0 - SUBJECT ADDED ENTRY--TOPICAL TERM | |
| Topical term or geographic name entry element | Revivals |
| Geographic subdivision | United States |
| 9 (RLIN) | 1498 |
| 650 #0 - SUBJECT ADDED ENTRY--TOPICAL TERM | |
| Topical term or geographic name entry element | Revolutions |
| General subdivision | Religious aspects |
| -- | Christianity. |
| 9 (RLIN) | 5420 |
| 942 ## - ADDED ENTRY ELEMENTS (KOHA) | |
| Source of classification or shelving scheme | Dewey Decimal Classification |
| Koha item type | Books |
| Koha issues (borrowed), all copies | 2 |
| Withdrawn status | Lost status | Source of classification or shelving scheme | Damaged status | Not for loan | Home library | Current Library | Shelving location | Date acquired | Total checkouts | Full call number | Barcode | Date last seen | Copy number | Price effective from | Koha item type | Date last checked out |
|---|---|---|---|---|---|---|---|---|---|---|---|---|---|---|---|---|
| Dewey Decimal Classification | GRACE BIBLE COLLEGE | GRACE BIBLE COLLEGE | Ministry & Mission | 2017-09-04 | 269.2 BRO | 012486 | 2025-05-01 | c.1 | 2017-09-04 | Books | ||||||
| Dewey Decimal Classification | GRACE BIBLE COLLEGE | GRACE BIBLE COLLEGE | Ministry & Mission | 2017-09-07 | 269.2 BRO | 012488 | 2025-05-01 | c.3 | 2017-09-07 | Books | ||||||
| Dewey Decimal Classification | GRACE BIBLE COLLEGE | GRACE BIBLE COLLEGE | Ministry & Mission | 2017-09-07 | 1 | 269.2 BRO | 012489 | 2025-05-01 | c.4 | 2017-09-07 | Books | 2018-11-02 | ||||
| Dewey Decimal Classification | GRACE BIBLE COLLEGE | GRACE BIBLE COLLEGE | Ministry & Mission | 2017-09-07 | 269.2 BRO | 012490 | 2025-05-01 | c.5 | 2017-09-07 | Books | ||||||
| Dewey Decimal Classification | GRACE BIBLE COLLEGE | GRACE BIBLE COLLEGE | Ministry & Mission | 2017-09-07 | 269.2 BRO | 012492 | 2025-05-01 | c.7 | 2017-09-07 | Books | ||||||
| Dewey Decimal Classification | GRACE BIBLE COLLEGE | GRACE BIBLE COLLEGE | Ministry & Mission | 2017-09-07 | 269.2 BRO | 012493 | 2025-05-01 | c.8 | 2017-09-07 | Books | ||||||
| Dewey Decimal Classification | GRACE BIBLE COLLEGE | GRACE BIBLE COLLEGE | Ministry & Mission | 2017-09-07 | 269.2 BRO | 012495 | 2025-05-01 | c.10 | 2017-09-07 | Books | ||||||
| Dewey Decimal Classification | GRACE BIBLE COLLEGE | GRACE BIBLE COLLEGE | Ministry & Mission | 2017-09-14 | 269.2 BRO | 012487 | 2025-05-01 | c.2 | 2017-09-14 | Books | ||||||
| Dewey Decimal Classification | GRACE BIBLE COLLEGE | GRACE BIBLE COLLEGE | Ministry & Mission | 2017-09-14 | 269.2 BRO | 012491 | 2025-05-01 | c.6 | 2017-09-14 | Books | ||||||
| Dewey Decimal Classification | GRACE BIBLE COLLEGE | GRACE BIBLE COLLEGE | Ministry & Mission | 2017-09-14 | 269.2 BRO | 012494 | 2025-05-01 | c.9 | 2017-09-14 | Books | ||||||
| Dewey Decimal Classification | GRACE BIBLE COLLEGE | GRACE BIBLE COLLEGE | Ministry & Mission | 2017-09-14 | 1 | 269.2 BRO | 012496 | 2025-05-01 | c.11 | 2017-09-14 | Books | 2020-02-10 |